Les plus grandes villes américaines avec des exceptions - Statistiques

Statistiques générales
  • Ce quiz a été pris 65 fois
  • Le résultat moyen est 7 sur 23
Statistiques - réponses
Population Ville % Correct
881,549 San Francisco
83%
467,963 Miami
81%
1,343,573 Dallas
73%
1,423,851 San Diego
69%
1,547,253 San Antonio
56%
681,728 El Paso
49%
399,700 Tampa
41%
1,021,795 San José
39%
381,009 Cleveland
34%
651,073 Memphis
32%
548,073 Tucson
32%
909,585 Fort Worth
25%
433,031 Oakland
22%
478,221 Colorado Springs
19%
401,190 Tulsa
17%
531,576 Fresno
15%
462,628 Long Beach
14%
350,365 Anaheim
12%
332,318 Santa Ana
8%
384,145 Bakersfield
7%
518,012 Mesa
7%
398,854 Arlington
5%
379,289 Aurora
2%
Aucun quiz correspondant
Distribution des résultats
% des personnes avec chaque résultat
Percentile par nombre de réponses
Votre historique - résultats
Vous n’avez pas pris ce quiz